Rappers By Most Streamed Songs On Spotify - Statistics

General Stats
  • This quiz has been taken 10,753 times
    10,447 since last reset
  • The average score is 21 of 30
Answer Stats
Songs Rapper % Correct
One Dance / God's Plan / Passionfruit Drake
97%
N****s in Paris / Stronger / Heartless Kanye West
95%
All The Stars / HUMBLE. / Money Trees Kendrick Lamar
95%
Lose Yourself / Without Me / Till I Collapse Eminem
94%
goosebumps / SICKO MODE / HIGHEST IN THE ROOM Travis Scott
94%
Still D.R.E. / The Next Episode / Forgot About Dre Dr. Dre
93%
Lucid Dreams / All Girls Are The Same / Robbery Juice WRLD
93%
SAD! / Jocelyn Flores / Moonlight XXXTentacion
93%
In Da Club / Candy Shop / P.I.M.P. 50 Cent
90%
N****s in Paris / Numb/Encore / Empire State of Mind JAY-Z
90%
XO Tour Llif3 / 20 Min / The Way Life Goes Lil Uzi Vert
89%
Mask Off / Life is Good / Low Life Future
87%
Young, Wild & Free / Drop It Like It's Hot / Gin and Juice Snoop Dogg
87%
Ambitionz Az A Ridah / California Love / Hit 'Em Up 2Pac
85%
No Role Modelz / MIDDLE CHILD / Wet Dreamz J. Cole
84%
Hypnotize / Big Poppa / Juicy The Notorious B.I.G
84%
It Was A Good Day / You Know How We Do It / Check Yo Self Ice Cube
81%
Creepin' / Bank Account / a lot 21 Savage
78%
Tusa / Bang Bang / Starships Nicki Minaj
67%
N.Y. State of Mind / If I Ruled The World (Imagine That) / The World Is Yours Nas
64%
Kiss Me Thru The Phone / Crank That / BTBT Soulja Boy
60%
Sucker for Pain / Love Me / Forever Lil Wayne
59%
Ric Flair Drip / Ghostface Killers / Clout Offset
58%
X Gon' Give It To Ya / Party Up / Where The Hood At DMX
50%
Life of the Party / SCIENTISTS AND ENGINEERS / "I Swear, I Really Wanted to Make a 'Rap' Album but This Is Literally the Way the Wind Blew Me This Time André 3000
40%
Purple Lamborghini / Aston Martin Music / Hustlin' Rick Ross
36%
Work It / Get Ur Freak On / Lose Control Missy Elliott
22%
Mama Said Knock You Out / Doin It / Hey Lover LL Cool J
18%
Sound of da Police / Step into a World (Rapture's Delight) / MC's Act Like They Don't Know KRS-One
12%
We Gonna Make It / U Make Me Wanna / Why Jadakiss
6%
No matching quizzes found
Score Distribution
Percent of People with Each Score
Percentile by Number Answered
Your Score History
You have not taken this quiz since the last reset